| 000 | 01108nam a22003377a 4500 | ||
|---|---|---|---|
| 001 | BR8701533 | ||
| 003 | BR-BrBNA | ||
| 005 | 20230928092424.0 | ||
| 007 | ta | ||
| 008 | 230509b bl.||||| |||| 00| 0 por d | ||
| 040 |
_aBR-BrBNA _bpor _cBiblioteca Nacional de Agricultura |
||
| 041 | _a(Por) | ||
| 072 |
_aH10; H20 _b1720 _b/G514 |
||
| 090 | _ 1720 BR8701533 | ||
| 100 | 1 | _aSchmitt, A.T. | |
| 100 | 1 | _aFrosi, J.F. | |
| 100 | 1 | _aMuller, J.J.V. | |
| 100 | 1 | _aIshiy, T. | |
| 110 | 1 |
_aEmpresa Catarinense de Pesquisa Agropecuaria S.A., Itajai, SC (Brasil). Estacao Experimental de Itajai _93968 |
|
| 245 | 1 | _aCalendario de tratamento fitossanitario para a cultura do alho [Santa Catarina, Brasil] | |
| 260 | 3 |
_aItajai, SC (Brasil): _c[nd]. |
|
| 300 | _a5 p. | ||
| 500 | _a(*) Documento disponível no(a) Empresa Catarinense de Pesquisa Agropecuaria S.A., Florianopolis, SC (Brazil) | ||
| 650 | _aDOENCA DE PLANTA | ||
| 650 | _aPRAGA DE PLANTA | ||
| 650 | _aTRATAMENTO FITOSSANITARIO | ||
| 650 | _aALHO | ||
| 650 | _aSANTA CATARINA | ||
| 909 |
_a202309 _bLucia _c55 _dLucia Elande |
||
| 942 | _cBK | ||
| 999 |
_c38965 _d38965 |
||